Guía académica 2000

Saved in:
書目詳細資料
Corporate Authors: CPEIP (Author), Centro de Perfeccionamiento, Experimentación e Investigaciones Pedagógicas (Author)
格式: 圖書
語言:西班牙语
出版: Santiago MINEDUC 1999
叢編:Educación para el 2000
主題:
標簽: 添加標簽
沒有標簽, 成為第一個標記此記錄!

MARC

LEADER 00000nam a2200000 a 4500
001 UCO8923
003 CL-VaPUC
008 010112e19990000CL |||||||||||||||||spa|d
082 0 4 |a 371.146  |b CPE  |2 21 
110 2 |a CPEIP  |e author  |9 453849 
710 2 |a Centro de Perfeccionamiento, Experimentación e Investigaciones Pedagógicas  |e author  |9 453850 
245 1 0 |a Guía académica 2000 
300 |a 48 p 
942 |c BK 
945 |d 20010112 00:00:00  |a cmena 
260 |a Santiago  |b MINEDUC  |c 1999 
650 7 |a PERFECCIONAMIENTO DOCENTE  |2 CL-VaPUC  |9 354703 
650 0 |a Formación profesional de profesores  |9 307493 
650 0 |a Métodos de enseñanza  |9 270413 
583 |a last modification  |c 20010112 00:00:00  |k Rodrigo Vera 
490 0 |a Educación para el 2000 
999 |c 293340  |d 293338 
952 |0 0  |1 0  |4 0  |6 371_146000000000000_CPE_1999  |7 0  |8 P  |9 344814  |a BIBEDU  |b BIBEDU  |c BIBEDU_PB  |d 2019-11-20  |i 368329K  |o 371.146 CPE 1999  |p 368329K  |r 2024-01-25  |w 2019-11-20  |y BK  |k EDU